|
|
|
|
| LEADER |
00000ny a22000003n 4500 |
| 005 |
20110511115850.0 |
| 008 |
060418s 000 0 eng d |
| 022 |
|
|
|a 0091-4169
|
| 035 |
|
|
|a 2912
|
| 040 |
|
|
|a UPO.
|b spa
|d vLex
|
| 080 |
|
|
|a 34
|x (05)
|x (0:004.738.5)
|
| 090 |
|
|
|c 1638
|d 1638
|
| 245 |
0 |
4 |
|a The Journal of criminal law & criminology
|h [Recurso electrn̤ico]
|
| 246 |
3 |
|
|a Journal of criminal law and criminology
|
| 256 |
|
|
|a Servicio en ln̕ea
|
| 260 |
|
|
|a Baltimore :
|b Williams & Wilkins
|
| 310 |
|
|
|a Trimestral
|
| 506 |
1 |
|
|a Contenido solo disponible en los productos indicados
|d vLex Global
|d vLex Global (Academic Edition, excluding Law Schools)
|d vLex Global (Academic Edition, Law Schools)
|
| 650 |
0 |
4 |
|a Criminologa̕
|x Publicaciones perid̤icas
|
| 650 |
0 |
4 |
|a Investigaciones criminales
|x Publicaciones perid̤icas
|
| 710 |
2 |
|
|a Northwestern University (Evanston, Ill.).
|b School of Law
|
| 740 |
|
|
|a vLex Revista (Servicios en ln̕ea)
|
| 843 |
|
|
|a Electrn̤ica. Abierta
|
| 853 |
|
|
|8 1
|i (year)
|j (month)
|k (day)
|
| 856 |
4 |
0 |
|z Acceso restringido
|u http://vlex.com/account/login_ip?fuente_id=2912
|
| 942 |
|
|
|c REV
|